| 000 | 01099nam a2200253Ia 4500 | ||
|---|---|---|---|
| 999 |
_c55066 _d55066 |
||
| 001 | 22141 | ||
| 003 | GE_BSU | ||
| 005 | 20221201110924.0 | ||
| 008 | 181216s ||||ge |||||||||||||| ||geo|| | ||
| 010 | _a9789941153853 | ||
| 040 | _cGE_BSU | ||
| 041 | _ageo | ||
| 080 | _a821.353.1-31 მ-85 | ||
| 100 |
_aმორჩილაძე, აკა _916266 |
||
| 245 |
_aგადაფრენა მადათოვზე და უკან : _b[რომანი] / _cაკა მორჩილაძე ; ყდის დიზაინერი თამთა ვარვარიძე. |
||
| 264 |
_aთბილისი : _bბაკურ სულაკაურის გამ-ბა, _c2011. |
||
| 300 |
_a216 გვ. ; _c19 სმ. |
||
| 541 | _h5ლ.90თ. | ||
| 653 | _aგადაფრენა მადათოვზე და უკან | ||
| 653 | _aრომანი | ||
| 653 | _aმხატვრული ლიტერატურა | ||
| 700 |
_aვარვარიძე, თამთა _eდიზაინერი _916267 |
||
| 942 |
_cBK _2udc |
||